[Event "23. Copenhagen Open  (Politiken Cup)"]
[Site "Copenhagen"]
[Date "2001.07.20"]
[Round "5"]
[White "Mortensen, Erling"]
[Black "Hvenekilde, Jorgen"]
[Result "1-0"]
[WhiteElo "2423"]
[BlackElo "2267"]
[Annotator "Erling Mortensen"]
[PlyCount "33"]
[EventDate "2001.07.16"]
[EventType "swiss"]
[EventRounds "11"]
[EventCountry "DEN"]
[SourceDate "2004.01.01"]

1. e4 e5 2. Nf3 d6 3. d4 f5 4. dxe5 fxe4 5. Ng5 d5 6. e6 {As far as I
remembered this is supposed to be the refutation of 3...f5.} Nh6 7. Nc3 (7. f3
Be7 8. fxe4 Bxg5 9. Qh5+ {looks good, but what about 7...Bc5?}) 7... c6 8. Be3
(8. Bf4 $5 Qf6 9. Nxd5 cxd5 10. Bb5+ Nc6 11. Qxd5) 8... Qf6 $2 {#} (8... Qd6 9.
Qh5+ g6 10. Qh3 Bg7 11. O-O-O Bxc3 (11... Qe7) 12. Qxh6 $16) (8... Qe7 $5) 9.
Nxd5 $1 cxd5 10. Bb5+ Nc6 11. Qxd5 {Now white must be winning, but still there
are a few tricks left.} Bb4+ 12. c3 Bxc3+ 13. bxc3 ({One of them is} 13. Kf1
Bb4 14. Bxc6+ bxc6 15. Qxc6+ Ke7 16. Qxa8 $4 Ba6+) 13... Qxc3+ 14. Kd1 $3 (14.
Bd2 Qxa1+ 15. Ke2 Qxh1 ({I was not sure about} 15... Qb2 16. Rc1 $5) 16. Bxc6+
bxc6 17. Qxc6+ Ke7 18. Bb4+ Kf6 19. Nxe4+ Kg6 20. e7+ $18) (14. Ke2 a6 15. Ba4
Qd3+ {"just" gives a won ending}) 14... Nf5 (14... Qxa1+ 15. Kc2 {now there
are no Queen checks} Qxh1 (15... Qf6 16. Bxc6+ bxc6 17. Qxc6+ Kf8 18. Bc5+ Kg8
19. Qe8+ Qf8 20. Qxf8#) 16. Bc5 {gives a mating attack}) 15. Rc1 ({Also} 15.
Qxf5 {wins, but this is simpler}) 15... Nxe3+ ({Black loses a piece in the
lines} 15... Qxe3 16. Bxc6+ Ke7 17. fxe3) (15... Nfe7 16. Qd7+ Bxd7 17. exd7+
Kxd7 18. Rxc3) 16. fxe3 Qxe3 17. Rf1 $1 1-0

[Event "23. Copenhagen Open  (Politiken Cup)"]
[Site "Copenhagen"]
[Date "2001.07.20"]
[Round "5"]
[White "Mortensen, Henrik"]
[Black "Stovring, Claus"]
[Result "1-0"]
[WhiteElo "2075"]
[BlackElo "1966"]
[PlyCount "95"]
[EventDate "2001.07.16"]
[EventType "swiss"]
[EventRounds "11"]
[EventCountry "DEN"]
[SourceDate "2004.01.01"]

1. d4 Nf6 2. Nf3 g6 3. c4 Bg7 4. Nc3 d6 5. e4 O-O 6. Be2 e5 7. dxe5 dxe5 8.
Qxd8 Rxd8 9. Bg5 Re8 10. Nd5 Nxd5 11. cxd5 c6 12. Bc4 cxd5 13. Bxd5 Nc6 14.
O-O-O Be6 15. Kb1 Bxd5 16. Rxd5 f6 17. Be3 Red8 18. Rhd1 Rxd5 19. Rxd5 b6 20.
Nd2 Rd8 21. Rxd8+ Nxd8 22. Kc2 Kf7 23. Kc3 f5 24. f3 Ke6 25. Kb4 Kd6 26. Kb5
Kc7 27. b3 Kb7 28. Nb1 Ne6 29. Nc3 Bf8 30. b4 Nc7+ 31. Kc4 a6 32. a4 fxe4 33.
fxe4 Ne6 34. Nd5 Nf4 35. Nxf4 exf4 36. Bxf4 Kc6 37. b5+ axb5+ 38. axb5+ Kd7 39.
Kd5 Bc5 40. e5 Bg1 41. h3 Bc5 42. Bd2 Bf2 43. Bc3 h5 44. Bd4 Bxd4 45. Kxd4 Ke6
46. g4 h4 47. Ke4 g5 48. Kd4 1-0

[Event "23. Copenhagen Open  (Politiken Cup)"]
[Site "Copenhagen"]
[Date "2001.07.20"]
[Round "5"]
[White "Molvig, Henrik"]
[Black "Pallesen, Jacob"]
[Result "1/2-1/2"]
[WhiteElo "2213"]
[BlackElo "2061"]
[PlyCount "83"]
[EventDate "2001.07.16"]
[EventType "swiss"]
[EventRounds "11"]
[EventCountry "DEN"]
[SourceDate "2004.01.01"]

1. d4 f5 2. c4 Nf6 3. g3 d6 4. Nf3 g6 5. b4 Bg7 6. Bb2 O-O 7. Bg2 Nbd7 8. Nbd2
Qe8 9. Qb3 h6 10. c5+ e6 11. O-O Ne4 12. Rac1 Ndf6 13. Nxe4 fxe4 14. Nd2 d5 15.
f3 exf3 16. Bxf3 c6 17. e4 a6 18. e5 Nh7 19. Qd3 Bd7 20. Bc3 g5 21. Nb3 Qe7 22.
a4 Rf5 23. Bh5 Rxf1+ 24. Rxf1 Be8 25. Bxe8 Qxe8 26. Bd2 Nf8 27. Na5 Rb8 28. Rb1
Ng6 29. b5 axb5 30. axb5 Ne7 31. bxc6 bxc6 32. Rb6 Ra8 33. Kg2 Ra7 34. Qb1 Ra8
35. h3 Rc8 36. Nb7 Qg6 37. Qxg6 Nxg6 38. Nd6 Ra8 39. Be3 Ne7 40. g4 Ra2+ 41.
Kg1 Ra1+ 42. Kf2 1/2-1/2

[Event "23. Copenhagen Open  (Politiken Cup)"]
[Site "Copenhagen"]
[Date "2001.07.20"]
[Round "5"]
[White "Nicolaisen, Erik"]
[Black "Jorgensen, Michael"]
[Result "1/2-1/2"]
[WhiteElo "2015"]
[BlackElo "2290"]
[PlyCount "34"]
[EventDate "2001.07.16"]
[EventType "swiss"]
[EventRounds "11"]
[EventCountry "DEN"]
[SourceDate "2004.01.01"]

1. e4 e6 2. d4 d5 3. Nc3 Bb4 4. exd5 exd5 5. Bd3 Nc6 6. a3 Bxc3+ 7. bxc3 Nge7
8. Qf3 Be6 9. Ne2 Qd7 10. Rb1 O-O-O 11. Bb5 Bf5 12. Nf4 Bxc2 13. Rb2 Qf5 14.
Qe2 Bb1 15. O-O g5 16. Nd3 Bxd3 17. Bxd3 Qe6 1/2-1/2

[Event "23. Copenhagen Open  (Politiken Cup)"]
[Site "Copenhagen"]
[Date "2001.07.20"]
[Round "5"]
[White "Nielsen, Frode Benedikt"]
[Black "Jorgensen, Orla Eilegaard"]
[Result "1-0"]
[WhiteElo "1834"]
[BlackElo "1403"]
[PlyCount "143"]
[EventDate "2001.07.16"]
[EventType "swiss"]
[EventRounds "11"]
[EventCountry "DEN"]
[SourceDate "2004.01.01"]

1. e4 c5 2. Nf3 d6 3. d4 cxd4 4. Nxd4 Nc6 5. Nc3 Nf6 6. Be2 Nxd4 7. Qxd4 e5 8.
Qa4+ Bd7 9. Qb3 b6 10. Bg5 Be7 11. O-O-O Be6 12. Bb5+ Nd7 13. Bxe7 Qxe7 14. Qa3
O-O 15. Bxd7 Bxd7 16. h4 Rfd8 17. Qxd6 Qe8 18. Qa3 Bc6 19. Nd5 Bxd5 20. exd5
Rd7 21. Rh3 e4 22. Rg3 Rc8 23. d6 Qe5 24. Rg5 Qf4+ 25. Qe3 Qxh4 26. Re5 Qd8 27.
Qf4 Qf8 28. Rxe4 Rc6 29. Red4 g6 30. R1d3 Qe8 31. c3 Qe1+ 32. Kc2 Qe6 33. Re4
Qf5 34. Qxf5 gxf5 35. Re7 Rdxd6 36. Rxa7 Re6 37. Rad7 Re2+ 38. Rd2 Ree6 39. b4
Rc4 40. R7d5 Rec6 41. Rxf5 Rxc3+ 42. Kb2 R3c4 43. a3 Kg7 44. Rd7 Rc2+ 45. Kb3
b5 46. Rfxf7+ Kg6 47. Rg7+ Kf6 48. Rdf7+ Ke5 49. Rf3 Rc1 50. Rg5+ Kd4 51. Rxb5
Rb1+ 52. Ka4 Kc4 53. Rf4+ Kd3 54. Rh5 h6 55. Rh3+ Kc2 56. Re4 Rd1 57. Re2+ Kc1
58. f4 Rf6 59. Rc3+ Kb1 60. Rf3 Rfd6 61. f5 Rf6 62. Re6 Rf7 63. Rxh6 Kb2 64. g4
Rd2 65. g5 Ra7+ 66. Kb5 Rb7+ 67. Kc6 Rbd7 68. b5 Kc2 69. b6 R7d4 70. b7 Rc4+
71. Kb6 Kb1 72. Rh1+ 1-0

[Event "23. Copenhagen Open  (Politiken Cup)"]
[Site "Copenhagen"]
[Date "2001.07.20"]
[Round "5"]
[White "Nielsen, Michael"]
[Black "Fant, Goran"]
[Result "0-1"]
[WhiteElo "1789"]
[BlackElo "2043"]
[PlyCount "54"]
[EventDate "2001.07.16"]
[EventType "swiss"]
[EventRounds "11"]
[EventCountry "DEN"]
[SourceDate "2004.01.01"]

1. e4 e6 2. d4 d5 3. Nc3 Bb4 4. e5 b6 5. Qg4 Bf8 6. Be3 h5 7. Qd1 Ba6 8. Bxa6
Nxa6 9. Nge2 Qd7 10. a3 Ne7 11. O-O Nf5 12. Nf4 g6 13. Qe2 Nb8 14. Nd3 Be7 15.
b4 Nc6 16. Qd2 Ncxd4 17. a4 Nc6 18. b5 Na5 19. Bg5 Nc4 20. Qf4 Rc8 21. h3 Qd8
22. Bxe7 Qxe7 23. Rfe1 c6 24. Re2 a6 25. Rae1 cxb5 26. axb5 a5 27. Na4 Qa3 0-1

[Event "23. Copenhagen Open  (Politiken Cup)"]
[Site "Copenhagen"]
[Date "2001.07.20"]
[Round "5"]
[White "Nielsen, Nicholas Roland"]
[Black "Hansen, Ib Lynaes"]
[Result "1-0"]
[WhiteElo "2065"]
[BlackElo "1866"]
[PlyCount "27"]
[EventDate "2001.07.16"]
[EventType "swiss"]
[EventRounds "11"]
[EventCountry "DEN"]
[SourceDate "2004.01.01"]

1. e4 e5 2. Nf3 Nc6 3. d4 exd4 4. Nxd4 d6 5. Nc3 Nf6 6. Bc4 g6 7. O-O Bg7 8.
Nxc6 bxc6 9. e5 Ng4 10. e6 Qh4 11. exf7+ Kf8 12. Bf4 Nf6 13. Bxd6+ cxd6 14.
Qxd6# 1-0

[Event "23. Copenhagen Open  (Politiken Cup)"]
[Site "Copenhagen"]
[Date "2001.07.20"]
[Round "5"]
[White "Nielsen, Thomas"]
[Black "Furu, Thormod"]
[Result "0-1"]
[WhiteElo "2025"]
[BlackElo "1775"]
[PlyCount "30"]
[EventDate "2001.07.16"]
[EventType "swiss"]
[EventRounds "11"]
[EventCountry "DEN"]
[SourceDate "2004.01.01"]

1. c4 c6 2. Nc3 d5 3. d4 dxc4 4. a4 e5 5. d5 Bb4 6. e4 Nf6 7. Bg5 Qa5 8. Bd2
cxd5 9. exd5 Bg4 10. f3 Bh5 11. Bxc4 O-O 12. Nge2 Nbd7 13. Ne4 Nxe4 14. fxe4
Nc5 15. Ba2 Nd3+ 0-1

[Event "23. Copenhagen Open  (Politiken Cup)"]
[Site "Copenhagen"]
[Date "2001.07.20"]
[Round "5"]
[White "Nilssen, John Arni"]
[Black "Skovgaard, Tom"]
[Result "1-0"]
[WhiteElo "2333"]
[BlackElo "2065"]
[PlyCount "99"]
[EventDate "2001.07.16"]
[EventType "swiss"]
[EventRounds "11"]
[EventCountry "DEN"]
[SourceDate "2004.01.01"]

1. d4 Nf6 2. c4 e6 3. Nc3 Bb4 4. e3 c5 5. Bd3 Bxc3+ 6. bxc3 d6 7. e4 Nc6 8. Nf3
e5 9. d5 Ne7 10. Nd2 Ng6 11. g3 Bh3 12. Rb1 b6 13. Bf1 Qd7 14. Qe2 h5 15. Rb2
h4 16. Rg1 hxg3 17. hxg3 O-O-O 18. Bxh3 Rxh3 19. Nf1 Rdh8 20. Rb5 Rh1 21. Rxh1
Rxh1 22. Bg5 Ng4 23. Kd2 f6 24. f3 Nh6 25. Bxh6 Qh3 26. Rb1 Qxh6+ 27. Kc2 Qh3
28. Rd1 Rg1 29. Kb3 Rg2 30. Qe1 Qd7 31. Ne3 Rh2 32. Rd2 Rxd2 33. Qxd2 Qh3 34.
Nf5 Kd7 35. Qc1 a6 36. Qd1 Ne7 37. Nxg7 Qxg3 38. Ne6 b5 39. Qf1 b4 40. cxb4
cxb4 41. c5 f5 42. cxd6 fxe4 43. Nc5+ Ke8 44. Nxe4 Qf4 45. dxe7 Qe3+ 46. Kxb4
a5+ 47. Kb5 Qa3 48. d6 Qb4+ 49. Ka6 Kf7 50. e8=Q+ 1-0

[Event "23. Copenhagen Open  (Politiken Cup)"]
[Site "Copenhagen"]
[Date "2001.07.20"]
[Round "5"]
[White "Pedersen, Kaj Vinding"]
[Black "Gorecki, Zbigniew"]
[Result "0-1"]
[WhiteElo "1549"]
[BlackElo "2000"]
[PlyCount "142"]
[EventDate "2001.07.16"]
[EventType "swiss"]
[EventRounds "11"]
[EventCountry "DEN"]
[SourceDate "2004.01.01"]

1. d4 d6 2. Nf3 g6 3. g3 Bg7 4. c3 Nf6 5. Bg2 Bd7 6. Ne5 Bc8 7. Nd3 c6 8. Bg5
Bf5 9. Bxf6 Bxf6 10. e4 Bd7 11. Nd2 Qc8 12. Qb3 a5 13. O-O a4 14. Qd1 Bh3 15.
Nf4 Bxg2 16. Kxg2 h5 17. Rh1 e5 18. dxe5 Bxe5 19. Nd3 Nd7 20. Nc4 h4 21. Ndxe5
h3+ 22. Kf1 O-O 23. Nxd7 Qxd7 24. Qxd6 Rad8 25. Qxd7 Rxd7 26. Ke2 Re8 27. f3 f5
28. Rhd1 Rde7 29. Rd6 Kg7 30. Rad1 fxe4 31. f4 Rf7 32. Rd7 Ree7 33. Rxe7 Rxe7
34. Nb6 Kf6 35. g4 a3 36. b3 g5 37. Rd6+ Kf7 38. f5 Re5 39. c4 Re8 40. Ke3 Rh8
41. Na4 Rh4 42. Rd4 Rxg4 43. Rxe4 Rg2 44. Nc3 Rxh2 45. Kf3 Rc2 46. Ne2 Rxa2 47.
Kg3 Rc2 48. c5 a2 49. Ra4 Rxe2 50. Kxh3 Kf6 51. Kg4 Rg2+ 52. Kf3 Rb2 53. Kg4
Rg2+ 54. Kf3 Rc2 55. Kg4 Rxc5 56. Rxa2 Rxf5 57. Ra8 Rf4+ 58. Kg3 Rb4 59. Rf8+
Ke5 60. Rf3 g4 61. Re3+ Kd4 62. Kf4 Kc5+ 63. Ke5 Kb5 64. Kd6 b6 65. Kc7 c5 66.
Kb7 Rf4 67. Re6 Rf7+ 68. Kb8 Rg7 69. Re1 g3 70. Kc8 g2 71. Rg1 Kb4 0-1

[Event "23. Copenhagen Open  (Politiken Cup)"]
[Site "Copenhagen"]
[Date "2001.07.20"]
[Round "5"]
[White "Petersen, Kim Linde"]
[Black "Olesen, Michael Bonding"]
[Result "1/2-1/2"]
[WhiteElo "1535"]
[BlackElo "1891"]
[PlyCount "53"]
[EventDate "2001.07.16"]
[EventType "swiss"]
[EventRounds "11"]
[EventCountry "DEN"]
[SourceDate "2004.01.01"]

1. e4 d6 2. d4 Nf6 3. Nc3 g6 4. Bg5 Bg7 5. f4 O-O 6. Nf3 c6 7. Bc4 b5 8. Bb3 b4
9. Bxf6 exf6 10. Ne2 Nd7 11. Qd3 Nb6 12. a3 bxa3 13. Rxa3 d5 14. e5 Bf5 15. Qd2
Qc7 16. Ra5 fxe5 17. fxe5 Rfb8 18. O-O Nc4 19. Bxc4 dxc4 20. Qc3 Bxc2 21. Ng5
Bf5 22. Rxf5 gxf5 23. e6 fxe6 24. Qxc4 Re8 25. Rxf5 Qe7 26. Nf4 Rad8 27. Nfxe6
1/2-1/2

[Event "23. Copenhagen Open  (Politiken Cup)"]
[Site "Copenhagen"]
[Date "2001.07.20"]
[Round "5"]
[White "Petersen, Nils"]
[Black "Nielsen, Torben"]
[Result "1/2-1/2"]
[WhiteElo "2050"]
[BlackElo "1840"]
[PlyCount "62"]
[EventDate "2001.07.16"]
[EventType "swiss"]
[EventRounds "11"]
[EventCountry "DEN"]
[SourceDate "2004.01.01"]

1. c4 Nf6 2. Nc3 c6 3. e4 d5 4. exd5 cxd5 5. d4 e6 6. Nf3 Be7 7. Bd3 Nbd7 8.
O-O dxc4 9. Bxc4 Nb6 10. Bb3 O-O 11. Be3 Nbd5 12. Qe2 b6 13. Rfc1 Bb7 14. Ne5
a6 15. Rc2 Nb4 16. Rd2 Nfd5 17. a3 Nxe3 18. fxe3 Nd5 19. Nxd5 exd5 20. Bc2 Bd6
21. Qd3 g6 22. Nf3 Re8 23. Re1 Re6 24. Rde2 Qe7 25. Nd2 f5 26. g3 Kg7 27. Nf3
Bc6 28. Qd2 Re8 29. Kf2 a5 30. Bd3 Qf6 31. Nh4 Bc7 1/2-1/2

[Event "23. Copenhagen Open  (Politiken Cup)"]
[Site "Copenhagen"]
[Date "2001.07.20"]
[Round "5"]
[White "Petersen, Peter Birk"]
[Black "Brynell, Stellan"]
[Result "1/2-1/2"]
[WhiteElo "2230"]
[BlackElo "2486"]
[PlyCount "109"]
[EventDate "2001.07.16"]
[EventType "swiss"]
[EventRounds "11"]
[EventCountry "DEN"]
[SourceDate "2004.01.01"]

1. e4 e6 2. d4 d5 3. e5 c5 4. c3 Qb6 5. Na3 cxd4 6. Qxd4 Bc5 7. Qf4 Bxa3 8.
bxa3 Nc6 9. Nf3 Nge7 10. Bd3 Ng6 11. Qg3 Qc7 12. O-O O-O 13. Re1 Nce7 14. Bd2
Bd7 15. Rab1 b6 16. h4 f6 17. h5 Nxe5 18. Nxe5 fxe5 19. Rxe5 Nc6 20. Rg5 Qxg3
21. Rxg3 Ne5 22. Ba6 Rf5 23. Bh6 Rf7 24. Re1 Nc6 25. Bb7 Re8 26. Bxc6 Bxc6 27.
Re5 Bb5 28. Be3 Bc4 29. Bd4 Bxa2 30. Rge3 Rfe7 31. Rg3 Bb1 32. Rge3 Bf5 33. f3
Kf7 34. g4 Bc2 35. Kf2 Rc7 36. Re2 Bd3 37. Re1 Bb5 38. Ke3 Rc4 39. g5 Ke7 40.
g6 hxg6 41. hxg6 Ra4 42. Rh5 Rg8 43. Rh7 Kf8 44. Rg1 Rxa3 45. Rg4 Ra2 46. Rf4+
Ke7 47. Rf7+ Kd6 48. f4 Rg2 49. Bxg7 Rxg6 50. Bf8+ Rxf8 51. Rxf8 Rg3+ 52. Kd2
Rg2+ 53. Ke3 Rg3+ 54. Kd2 Rg2+ 55. Ke3 1/2-1/2

[Event "23. Copenhagen Open  (Politiken Cup)"]
[Site "Copenhagen"]
[Date "2001.07.20"]
[Round "5"]
[White "Rasmussen, Henning"]
[Black "Aird, Ian"]
[Result "1/2-1/2"]
[WhiteElo "1925"]
[BlackElo "2136"]
[PlyCount "92"]
[EventDate "2001.07.16"]
[EventType "swiss"]
[EventRounds "11"]
[EventCountry "DEN"]
[SourceDate "2004.01.01"]

1. d4 d5 2. Nf3 Nf6 3. c4 c6 4. e3 g6 5. Nc3 Bg7 6. cxd5 cxd5 7. Bb5+ Nc6 8.
Ne5 Bd7 9. Nxd7 Qxd7 10. O-O a6 11. Bxc6 Qxc6 12. Qb3 O-O 13. Bd2 Rab8 14. Rfc1
Qd6 15. h3 b5 16. Ne2 b4 17. Be1 Rfe8 18. Qa4 Rb5 19. Rc2 Reb8 20. Rac1 Qd8 21.
Qxa6 Ra5 22. Qc8 Rxa2 23. Qxd8+ Rxd8 24. Bxb4 Ra7 25. Rc8 Rxc8 26. Rxc8+ Bf8
27. Ba3 Kg7 28. Nc3 Rd7 29. Kf1 h5 30. Ke2 Nh7 31. Kd3 e6 32. Bxf8+ Nxf8 33.
Na4 Ra7 34. b3 Nd7 35. Rc3 Kf6 36. g3 Kg5 37. f3 Kf6 38. Rc6 Kf5 39. e4+ dxe4+
40. fxe4+ Kg5 41. Rc3 h4 42. g4 Nf6 43. Ke3 Nxg4+ 44. Kf3 Nf6 45. Rc5+ Kh6 46.
Rc2 Rd7 1/2-1/2

[Event "23. Copenhagen Open  (Politiken Cup)"]
[Site "Copenhagen"]
[Date "2001.07.20"]
[Round "5"]
[White "Robertsen, Thomas"]
[Black "Hau, Helge"]
[Result "1-0"]
[WhiteElo "2034"]
[BlackElo "1525"]
[PlyCount "72"]
[EventDate "2001.07.16"]
[EventType "swiss"]
[EventRounds "11"]
[EventCountry "DEN"]
[SourceDate "2004.01.01"]

1. e4 e6 2. d4 d5 3. Nc3 Bb4 4. a3 Bxc3+ 5. bxc3 dxe4 6. f3 Nf6 7. Rb1 c6 8.
fxe4 e5 9. Bg5 Qa5 10. Qd3 Nbd7 11. Nf3 exd4 12. Qxd4 O-O 13. Bc4 h6 14. Bxf6
Nxf6 15. O-O b5 16. Bd3 Qxa3 17. e5 Nh7 18. Qe4 Qc5+ 19. Kh1 g6 20. Qh4 Kg7 21.
Rbe1 Re8 22. Qg3 Be6 23. Re4 a5 24. Rf4 a4 25. Nd4 Ng5 26. h4 a3 27. hxg5 h5
28. Qe3 Kg8 29. Bxg6 a2 30. Bd3 a1=Q 31. Qe4 Qxf1+ 32. Rxf1 Bd5 33. Qh7+ Kf8
34. e6 Bxg2+ 35. Kg1 Ra7 36. Rxf7+ Rxf7 1-0

[Event "23. Copenhagen Open  (Politiken Cup)"]
[Site "Copenhagen"]
[Date "2001.07.20"]
[Round "5"]
[White "Romsdal, Trond"]
[Black "Nielsen, Jan Mose"]
[Result "1-0"]
[WhiteElo "2225"]
[BlackElo "2054"]
[PlyCount "65"]
[EventDate "2001.07.16"]
[EventType "swiss"]
[EventRounds "11"]
[EventCountry "DEN"]
[SourceDate "2004.01.01"]

1. d4 Nf6 2. c4 g6 3. Nc3 Bg7 4. e4 d6 5. Nf3 O-O 6. Be2 Bg4 7. O-O Nbd7 8. Bg5
c5 9. d5 a6 10. Nd2 Bxe2 11. Qxe2 h6 12. Bh4 Qb6 13. Rab1 Rae8 14. f4 Nh7 15.
Nf3 Qb4 16. a3 Qb3 17. Bg3 Bd4+ 18. Kh1 e5 19. dxe6 fxe6 20. e5 dxe5 21. fxe5
Bxc3 22. Qd3 Nb6 23. bxc3 Qxc4 24. Qxg6+ Kh8 25. Rfd1 Nd5 26. Qxh6 Rf7 27. Ng5
Rfe7 28. Bh4 Qe2 29. Re1 Qc2 30. Rbc1 Qb2 31. Rg1 c4 32. Rcf1 Qc2 33. Nxh7 1-0

[Event "23. Copenhagen Open  (Politiken Cup)"]
[Site "Copenhagen"]
[Date "2001.07.20"]
[Round "5"]
[White "Schmidt, Horst Hubert"]
[Black "Nielsen, Morten"]
[Result "0-1"]
[WhiteElo "1674"]
[BlackElo "2085"]
[PlyCount "114"]
[EventDate "2001.07.16"]
[EventType "swiss"]
[EventRounds "11"]
[EventCountry "DEN"]
[SourceDate "2004.01.01"]

1. d4 Nf6 2. Nf3 c5 3. c3 cxd4 4. cxd4 d5 5. Nc3 Bf5 6. e3 Nc6 7. Bb5 a6 8.
Bxc6+ bxc6 9. Ne5 Qc7 10. Qa4 Bd7 11. b4 e6 12. Bd2 Bd6 13. Nxd7 Nxd7 14. f4
Nb6 15. Qa5 Qb7 16. a3 O-O 17. Ra2 Rfb8 18. O-O Nc4 19. Qa4 a5 20. Qc2 axb4 21.
axb4 Bxb4 22. Rb1 Nxd2 23. Qxd2 Bxc3 24. Rxb7 Bxd2 25. Rxb8+ Rxb8 26. Rxd2 Kf8
27. Ra2 Rb7 28. Ra8+ Ke7 29. Rc8 Rb1+ 30. Kf2 Rc1 31. g4 Rc2+ 32. Kg3 Re2 33.
Kf3 Rxh2 34. Rc7+ Kf6 35. Rxc6 g5 36. Kg3 Rh1 37. Kg2 Rh4 38. Kg3 h5 39. gxh5
Rxh5 40. Kg4 Rh4+ 41. Kg3 Rh1 42. Kg2 Rh7 43. Kg3 Kf5 44. fxg5 Kxg5 45. Rc7 Kf5
46. Kf3 Rh3+ 47. Kf2 Ke4 48. Rc3 Rf3+ 49. Ke2 f5 50. Kd2 f4 51. Rc6 fxe3+ 52.
Kc3 Rf6 53. Ra6 Kf3 54. Ra1 Rf4 55. Rf1+ Kg3 56. Rh1 e2 57. Kd2 Rf1 0-1

[Event "23. Copenhagen Open  (Politiken Cup)"]
[Site "Copenhagen"]
[Date "2001.07.20"]
[Round "5"]
[White "Schonberg, Niels Peder"]
[Black "Greisen, Flemming Dahl"]
[Result "0-1"]
[WhiteElo "1214"]
[BlackElo "1425"]
[PlyCount "74"]
[EventDate "2001.07.16"]
[EventType "swiss"]
[EventRounds "11"]
[EventCountry "DEN"]
[SourceDate "2004.01.01"]

1. d3 d5 2. b3 c5 3. c4 d4 4. Bf4 Nc6 5. Nf3 g6 6. Nbd2 Bf5 7. Ne5 Nxe5 8. Bxe5
Nf6 9. Bxf6 exf6 10. Nf3 Bh6 11. b4 b6 12. Nh4 Be6 13. g3 O-O 14. Bg2 Rc8 15.
b5 Re8 16. O-O Rc7 17. Re1 Bc8 18. a4 a5 19. bxa6 Bxa6 20. Qb3 Qb8 21. a5 bxa5
22. Qxb8 Rxb8 23. Rxa5 Bd2 24. Rxa6 Bxe1 25. Rxf6 Rb1 26. h3 Bd2+ 27. Kh2 Bg5
28. Rd6 Bxh4 29. gxh4 h5 30. Bd5 Kg7 31. e3 dxe3 32. fxe3 Rd1 33. Be4 Re1 34.
d4 Rxe3 35. Bg2 cxd4 36. Rxd4 Re2 37. c5 Rxc5 0-1

[Event "23. Copenhagen Open  (Politiken Cup)"]
[Site "Copenhagen"]
[Date "2001.07.20"]
[Round "5"]
[White "Simonsen, Hans Kristian"]
[Black "Schmied, Andreas"]
[Result "1-0"]
[WhiteElo "1930"]
[BlackElo "2138"]
[PlyCount "87"]
[EventDate "2001.07.16"]
[EventType "swiss"]
[EventRounds "11"]
[EventCountry "DEN"]
[SourceDate "2004.01.01"]

1. e4 c5 2. c3 e5 3. Bc4 Nc6 4. Nf3 Qc7 5. O-O d6 6. Na3 Be7 7. d4 exd4 8. cxd4
cxd4 9. Nxd4 Nf6 10. Bf4 O-O 11. Ndb5 Qb6 12. Nxd6 Bg4 13. Qb3 Qxb3 14. axb3
Nh5 15. Nxf7 Rxf7 16. Be3 Kf8 17. Bxf7 Kxf7 18. Rfc1 Be6 19. Nb5 a6 20. Nc7 Rd8
21. Nxe6 Kxe6 22. Kf1 Nf6 23. f3 Bd6 24. g3 Be5 25. Rxa6 bxa6 26. Rxc6+ Rd6 27.
Rxd6+ Bxd6 28. Bd4 Ne8 29. f4 g6 30. Ke2 Nc7 31. Kd3 Nb5 32. Be3 Be7 33. g4 Bf6
34. e5 Be7 35. Ke4 Kd7 36. f5 Nc7 37. h3 Bh4 38. Bc5 Ne8 39. b4 Nc7 40. Bb6 Ne8
41. Kd5 Ng7 42. e6+ Ke8 43. Bd4 Kf8 44. f6 1-0

[Event "23. Copenhagen Open  (Politiken Cup)"]
[Site "Copenhagen"]
[Date "2001.07.20"]
[Round "5"]
[White "Simonsen, Per"]
[Black "Christensen, Esben"]
[Result "0-1"]
[WhiteElo "1723"]
[BlackElo "2115"]
[PlyCount "86"]
[EventDate "2001.07.16"]
[EventType "swiss"]
[EventRounds "11"]
[EventCountry "DEN"]
[SourceDate "2004.01.01"]

1. e4 c5 2. f4 e6 3. Nf3 Nf6 4. e5 Nd5 5. d4 cxd4 6. Nxd4 a6 7. c4 Bb4+ 8. Kf2
Ne7 9. a3 Bc5 10. b4 Ba7 11. Be3 O-O 12. Nc3 f6 13. exf6 Rxf6 14. Ne4 Rf8 15.
g3 e5 16. Ne2 Bxe3+ 17. Kxe3 d5 18. cxd5 Nxd5+ 19. Kf3 Nc6 20. Qd2 Bf5 21. Nc5
b6 22. Rd1 Nce7 23. Nc3 Nxc3 24. Bc4+ Ncd5 25. Nb7 Qd7 26. Bxd5+ Kh8 27. Kf2
Qxd5 28. Qxd5 Nxd5 29. Rxd5 Be4 30. Rhd1 Bxd5 31. Rxd5 exf4 32. Rd6 fxg3+ 33.
Kxg3 Rf6 34. Rd7 h6 35. Nd8 Rc8 36. Nf7+ Kg8 37. Ne5 Rc3+ 38. Rd3 Rfc6 39. Kf4
Rxd3 40. Nxd3 Rc3 41. Ke4 Rxa3 42. Kd4 Rxd3+ 43. Kxd3 Kf7 0-1

[Event "23. Copenhagen Open  (Politiken Cup)"]
[Site "Copenhagen"]
[Date "2001.07.20"]
[Round "5"]
[White "Skjoldan, Benjamin"]
[Black "Andersen, Matias Lolk"]
[Result "1-0"]
[WhiteElo "1720"]
[BlackElo "1146"]
[PlyCount "115"]
[EventDate "2001.07.16"]
[EventType "swiss"]
[EventRounds "11"]
[EventCountry "DEN"]
[SourceDate "2004.01.01"]

1. d4 d5 2. c4 e6 3. Nc3 Bb4 4. e3 Nf6 5. Nf3 Bd7 6. a3 Bxc3+ 7. bxc3 O-O 8.
cxd5 exd5 9. Bd3 Re8 10. Ne5 Nc6 11. Nxd7 Qxd7 12. O-O Ne7 13. f3 Ng6 14. Qc2
Qe7 15. Re1 c6 16. Bd2 Qc7 17. e4 dxe4 18. fxe4 Ng4 19. g3 Rf8 20. e5 Rae8 21.
Bf5 N4xe5 22. dxe5 Rxe5 23. Bxg6 Rxe1+ 24. Rxe1 fxg6 25. Qb3+ Kh8 26. Bf4 Qd7
27. Qe6 Qxe6 28. Rxe6 Kg8 29. Re7 Rf7 30. Re8+ Rf8 31. Rxf8+ Kxf8 32. Kf2 Kf7
33. Ke3 Ke6 34. Kd4 h6 35. Be5 a6 36. Bxg7 h5 37. Kc5 Kd7 38. Kb6 Kc8 39. Be5
Kd7 40. Kxb7 Ke6 41. Bb8 c5 42. Kxa6 Kd5 43. Kb5 g5 44. a4 h4 45. gxh4 gxh4 46.
a5 h3 47. a6 c4 48. a7 Ke4 49. Kxc4 Ke3 50. a8=Q Ke2 51. Qe4+ Kf2 52. Ba7+ Kf1
53. Qf3+ Ke1 54. Bf2+ Kd2 55. Be3+ Kc2 56. Qe2+ Kb1 57. Kb3 Ka1 58. Qb2# 1-0

[Event "23. Copenhagen Open  (Politiken Cup)"]
[Site "Copenhagen"]
[Date "2001.07.20"]
[Round "5"]
[White "Sylvan, Jacob"]
[Black "Rasmussen, Henning Lau"]
[Result "1-0"]
[WhiteElo "2272"]
[BlackElo "2015"]
[PlyCount "95"]
[EventDate "2001.07.16"]
[EventType "swiss"]
[EventRounds "11"]
[EventCountry "DEN"]
[SourceDate "2004.01.01"]

1. e4 g6 2. d4 Bg7 3. Nc3 d6 4. Be3 a6 5. f3 b5 6. Qd2 Nd7 7. g4 Bb7 8. h4 h5
9. g5 e6 10. Nge2 Ne7 11. Ng3 d5 12. Be2 Nb6 13. O-O Nc4 14. Bxc4 dxc4 15. Rad1
Qd6 16. Qf2 Qb4 17. d5 Qxb2 18. Bd4 e5 19. Bc5 Qxc3 20. Bxe7 Kxe7 21. Qc5+ Kd8
22. d6 Qa5 23. f4 Kc8 24. f5 Qb6 25. Qxb6 cxb6 26. fxg6 fxg6 27. Rf7 Rg8 28.
Kg2 Rb8 29. Rdf1 Bc6 30. Rc7+ Kd8 31. Rff7 Be8 32. Rxg7 Rxg7 33. Rxg7 Rc8 34.
d7 Bxd7 35. Rxg6 b4 36. Rxb6 a5 37. Nxh5 Bc6 38. Nf6 Kc7 39. Ra6 Ra8 40. Rxa8
Bxa8 41. h5 a4 42. h6 b3 43. axb3 a3 44. h7 a2 45. h8=Q a1=Q 46. Qg7+ Kc6 47.
Qd7+ Kc5 48. Qc7+ 1-0